Sportowcy z RPA - nagła śmierć - Statystyki

Ogólne statystyki
  • Ten quiz został rozwiązany 28 razy
  • Średni wynik to 6 z 11
Answers on the Grid
Answers color-coded by a green-red scale on the quiz's grid according to % correct below.
Dricus du Plessis
Yaya Touré
Caster Semenya
Oscar Pistorius
Romain Grosjean
Siya Kolisi
Mohamed Salah
Wayde van Niekerk
Asafa Powell
Lewis Hamilton
Akani Simbine
George Weah
Kevin Anderson
Ferdinand Omanyala
Steven Pienaar
Achraf Hakimi
Thiago Silva
Dustin Poirier
Tatjana Smith
Andy Murray
Salomon Kalou
Tyson Gay
Bridgitte Hartley
Giniel de Villiers
 
Statystyki odpowiedzi
Odpowiedź % Poprawnych
Oscar Pistorius
83%
Wayde van Niekerk
83%
Dricus du Plessis
78%
Steven Pienaar
70%
Caster Semenya
61%
Akani Simbine
52%
Giniel de Villiers
48%
Siya Kolisi
43%
Kevin Anderson
30%
Bridgitte Hartley
26%
Tatjana Smith
22%
Nie znaleziono quizów pasujących do podanych kryteriów
Rozkład punktacji
Procent ludzi z każdym wynikiem
Percentyl według liczby udzielonych odpowiedzi
Twoja historia wyników
Nie rozwiązałeś tego quizu